Property rights and the 'transfer of development rights' (Record no. 78687)

MARC details
000 -LEADER
fixed length control field 01099cab a22002175a 4500
001 - CONTROL NUMBER
control field L137678
008 - FIXED-LENGTH DATA ELEMENTS--GENERAL INFORMATION
fixed length control field 070424s2007 xxk f g 000 0 eng d
035 ## - SYSTEM CONTROL NUMBER
System control number (Sirsi) u137678
041 0# - LANGUAGE CODE
Language code of text/sound track or separate title eng
100 1# - MAIN ENTRY--PERSONAL NAME
Personal name Renard, Vincent
245 00 - TITLE STATEMENT
Title Property rights and the 'transfer of development rights'
Remainder of title questions of efficiency and equity
260 ## - PUBLICATION, DISTRIBUTION, ETC.
Date of publication, distribution, etc. 2007
490 ## - SERIES STATEMENT
Series statement Town Planning Review
Volume/sequential designation 78(1) 2007, 41-60(70)
520 ## - SUMMARY, ETC.
Summary, etc. Describes how the system of transferable development rights (TDR) operates in the USA and in France. These experimental schemes are analysed, and conclusions are drawn regarding their effectiveness. Considers the conditions required for them to operate, given the great difference in development law between different countries. The relationship between property law, urban development regulations and tradable permits is seen as key to these conditions.
590 ## - LOCAL NOTE (RLIN)
Local note KA
650 24 - SUBJECT ADDED ENTRY--TOPICAL TERM
Topical term or geographic name entry element TRADABLE DEVELOPMENT RIGHTS
650 24 - SUBJECT ADDED ENTRY--TOPICAL TERM
Topical term or geographic name entry element PROTOCOL TO THE EUROPEAN CONVENTION ON HUMAN RIGHTS
651 #4 - SUBJECT ADDED ENTRY--GEOGRAPHIC NAME
Geographic name International
690 ## - LOCAL SUBJECT ADDED ENTRY--TOPICAL TERM (OCLC, RLIN)
Topical term or geographic name as entry element Planning and development
9 (RLIN) 6259
942 ## - ADDED ENTRY ELEMENTS (KOHA)
Suppress in OPAC 0
Holdings
Withdrawn status Lost status Source of classification or shelving scheme Damaged status Not for loan Home library Current library Shelving location Date acquired Total Checkouts Full call number Barcode Date last seen Copy number Price effective from Koha item type
    Dewey Decimal Classification     London London Journal article 24/04/2007   L137678 137678-1001 06/08/2019 1 06/08/2019 Journal article